UEFA European Championship - Winners' Starting XI - Statistics

General Stats
  • This quiz has been taken 792 times
  • The average score is 36 of 60
Answer Stats
Answer % Correct
Cristiano Ronaldo
97%
Andrés Iniesta
96%
Gianluigi Donnarumma
96%
Iker Casillas
96%
Xavi
96%
Sergio Ramos
94%
Gerard Piqué
93%
Giorgio Chiellini
93%
Carles Puyol
92%
Leonardo Bonucci
92%
Fernando Torres
90%
Pepe
90%
Sergio Busquets
88%
Jordi Alba
87%
David Silva
85%
Rui Patricio
85%
Ciro Immobile
84%
Federico Chiesa
84%
Adrien Silva
83%
Xabi Alonso
80%
Patrick Vieira
78%
Nani
74%
Thierry Henry
74%
Zinedine Zidane
74%
Jorginho
73%
Cesc Fabrégas
72%
Fabien Barthez
71%
Nicolò Barella
71%
Lorenzo Insigne
70%
Lilian Thuram
64%
Marco Verratti
64%
David Trézéguet
63%
Marcel Desailly
61%
Giovanni di Lorenzo
59%
Joan Capdevila
59%
Álvaro Arbeloa
58%
Laurent Blanc
58%
Renato Sanches
58%
Raphaël Guerreiro
57%
William Carvalho
57%
José Fonte
55%
Didier Deschamps
54%
Bixente Lizarazu
50%
Emerson Palmieri
47%
Marcos Senna
38%
João Mario
35%
Angelos Charisteas
34%
Youri Djorkaeff
31%
Cédric Soares
26%
Carlos Marchena
21%
Antonios Nikopolidis
18%
Theodoros Zagorakis
16%
Kostas Katsouranis
15%
Traianos Dellas
14%
Angelos Basinas
11%
Giourkas Seitaridis
9%
Stelios Giannakopoulos
8%
Zisis Vryzas
8%
Takis Fyssas
7%
Michalis Kapsis
6%
No matching quizzes found
Score Distribution
Percent of People with Each Score
Percentile by Number Answered
Your Score History
You have not taken this quiz